Normal view
MARC view
- Warren, James Francis.
Entry Personal Name
001 - CONTROL NUMBER
- control field: 52249
003 - CONTROL NUMBER IDENTIFIER
- control field: OSt
005 - DATE AND TIME OF LATEST TRANSACTION
- control field: 20240213095545.0
008 - FIXED-LENGTH DATA ELEMENTS
- fixed length control field: 240213|| aca||aabn | a|a d
040 ## - CATALOGING SOURCE
- Original cataloging agency: OSt
- Transcribing agency: OSt
100 ## - HEADING--PERSONAL NAME
- Personal name: Warren, James Francis.
670 ## - SOURCE DATA FOUND
- Source citation: Work cat.: (OSt): Warren, James Francis., The sulu sone 1768-1898 :, ©2021.
